Estadísticas para Resultados de la Copa Mundial de Fútbol de 1994

Haz click aquí para tomar la prueba!

Estadísticas generales

  • Esta prueba ha sido tomada 38 veces
  • La puntuación promedio es 18 de 24

Estadísticas de respuestas

Nation % Correcto
Alemania
100%
Brasil
100%
Italia
100%
España
96%
Argentina
96%
Suecia
88%
Rusia
84%
México
84%
Estados Unidos
80%
Suiza
80%
Colombia
80%
Corea del Sur
76%
Países Bajos
76%
Irlanda
72%
Nigeria
72%
Bulgaria
68%
Bolivia
68%
Noruega
64%
Camerún
60%
Bélgica
60%
Grecia
56%
Arabia Saudita
52%
Marruecos
52%
Rumania
52%

Distribución de puntuación

Porcentaje por número respondido

Porcentaje de gente con cada puntuación

Historial de tus puntuaciones

No has tomado esta prueba